000 00507nam a2200169Ia 4500
003 GCL
008 140319s9999 xx 000 0 ara d
040 _aGCL /
_cGCL
082 0 4 _a815.01
_bف ا
100 1 _aفرحان بلبل
245 1 0 _aاصول الالقاء والالقاء المسرحى /
_cفرحان بلبل
260 _aالقاهرة :
_bمكتبة مدبولى ،
_c1996
300 _a263 ص ؛
_c24 سم
650 0 4 _aالصوتيات
650 0 4 _aالالقاء
942 _2ddc
_cBK
999 _c48264
_d48264